000 00384nam a22001457a 4500
005 20200612103349.0
008 200612b xxu||||| |||| 00| 0 eng d
082 _a345.4 AIR
110 _aALL INDIA REPORTER
_96004
245 _aALL INDIA REPORTER [2001] [VOL-88] ORISSA SECTION
260 _bALL INDIA REPORTER, PVT. LTD.
300 _a384;p
650 _aLAW
_95701
942 _cJRL
999 _c7063
_d7061